| Record ID | ia:peasantsprotesta0000frad |
| Source | Internet Archive |
| Download MARC XML | https://archive.org/download/peasantsprotesta0000frad/peasantsprotesta0000frad_marc.xml |
| Download MARC binary | https://www.archive.org/download/peasantsprotesta0000frad/peasantsprotesta0000frad_meta.mrc |
LEADER: 01195cam a2200277 a 4500
001 90031951
003 DLC
005 20091214081627.0
008 900131s1991 cauabf b s001 0 eng
010 $a 90031951
020 $a0520068092 (alk. paper)
040 $aDLC$cDLC$dDLC
043 $ae-fr---
050 00 $aHD1536.F8$bF66 1991
082 00 $a331.88/1348/094487$220
100 1 $aFrader, Laura Levine,$d1945-
245 10 $aPeasants and protest :$bagricultural workers, politics, and unions in the Aude, 1850-1914 /$cLaura Levine Frader.
260 $aBerkeley :$bUniversity of California Press,$cc1991.
300 $axiv, 260 p., [8] p. of plates :$bill., maps ;$c24 cm.
504 $aIncludes bibliographical references (p. 215-251) and index.
650 0 $aPeasants$zFrance$zAude$xHistory.
650 0 $aVineyard laborers$zFrance$zAude$xHistory.
650 0 $aAgricultural laborers$xLabor unions$xPolitical activity$zFrance$zAude$xHistory.
650 0 $aSocialism$zFrance$zAude$xHistory.
856 42 $3Contributor biographical information$uhttp://www.loc.gov/catdir/bios/ucal051/90031951.html
856 42 $3Publisher description$uhttp://www.loc.gov/catdir/description/ucal041/90031951.html